000 00345nam a2200097Ia 4500
008 180130s9999 xx 000 0 und d
245 _cGiroud, Axele
_aMNEs in Asian business systems
260 _c2014
300 _aBook title: The Oxford handbook of Asian business systems--Acession number C19643; pages 441-464
650 _aBUSINESS SYSTEMS--ASIA
999 _c354427
_d354427